| 000 | 00412nam a2200169Ia 4500 | ||
|---|---|---|---|
| 999 |
_c9514 _d9514 |
||
| 020 | _a9780415172714 | ||
| 082 | _a950 ASI; | ||
| 245 | 0 | _aAsia-Pacific in the new world order | |
| 260 |
_aLondon _bRoutledge _c1998 |
||
| 300 | _axii, 347p | ||
| 440 | _aPacific studies | ||
| 650 | _aPACIFIC AREA | ||
| 650 | _aNATIONAL SECURITY | ||
| 700 | _aBrook, Christopher | ||
| 700 | _aMcGrew, Anthony | ||
| 942 |
_cBK _2ddc |
||